The doctrine of karma : (Record no. 41944)

MARC details
000 -LEADER
fixed length control field 00781nam a22002177a 4500
005 - DATE AND TIME OF LATEST TRANSACTION
control field 20100814145347.0
010 ## - LCCN (DPL NO)
LC control number ENG-100414
020 ## - INTERNATIONAL STANDARD BOOK NUMBER
International Standard Book Number 8187928352
Terms of availability 250.00
020 ## - INTERNATIONAL STANDARD BOOK NUMBER
International Standard Book Number 9788187928355
Terms of availability 250.00
035 ## - SYSTEM CONTROL NUMBER
System control number EN-83947
037 ## - SOURCE OF ACQUISITION
Source of stock number/acquisition DBAD/PUB
082 ## - DEWEY DECIMAL CLASSIFICATION NUMBER
Classification number 181.432
100 ## - MAIN ENTRY--PERSONAL NAME
Personal name Hariharananda Aranya
245 ## - TITLE STATEMENT
Title The doctrine of karma :
Remainder of title karmatattva /
Statement of responsibility, etc by Hariharnanda Aranya ; translated by Indira Gupta
260 ## - PUBLICATION, DISTRIBUTION, ETC. (IMPRINT)
Place of publication, distribution, etc Madhupur
Name of publisher, distributor, etc Kapil Math
Date of publication, distribution, etc 2008
270 ## - ADDRESS
Address 62/1, Hindusthan Park
City Madhupur
300 ## - PHYSICAL DESCRIPTION
Extent ix, 206p.
Dimensions 21cm (pbk)
700 ## - ADDED ENTRY--PERSONAL NAME
Personal name Gupta, Indira
9 (RLIN) 13473
942 ## - ADDED ENTRY ELEMENTS (KOHA)
Source of classification or shelving scheme Dewey Decimal Classification
Item type English Books
Classification part 181.432
Call number suffix HAR
Holdings
Withdrawn status Lost status Not for loan Collection code Home library Current library Date acquired Source of acquisition Cost, normal purchase price Full call number Barcode Copy number Cost, replacement price Koha item type
    Not For Loan Non-fiction D.B.Act.Division D.B.Act.Division 14/08/2010 DBAD/PUB 250.00 181.432 ARA EN-83947 1 250.00 English Books

© Delhi Public Library
Hit Counter
free hit counter